MARC

LEADER 00000nam0a2200000 4500
001 274573
005 20231101234736.0
020 |a RU  |b 85-62916 
035 |a (RuTPU)RU\TPU\book\297783 
090 |a 274573 
100 |a 20141106d1985 k y0rusy5003 ca 
101 0 |a rus 
102 |a UA 
105 |a a z 001zy 
200 1 |a Скважинная сейсмоакустика при решениии задач прогнозирования геологического разреза  |f Г. И. Петкевич, Р. П. Морошан, Ю. В. Филатов  |g Академия наук Украинской ССР (АН УССР), Институт геологии и геохимии горючих ископаемых 
210 |a Киев  |c Наукова думка  |d 1985 
215 |a 232 с.  |d 21 см  |c ил.  |e 2 вкладки 
320 |a Библиогр.: с. 216-226 (206 назв.) 
606 1 |a Нефтегазоносность  |x Каротаж  |2 stltpush  |3 (RuTPU)RU\TPU\subj\45602  |9 64795 
610 1 |a геологическая неоднородность 
610 1 |a геологический разрез 
610 1 |a сейсмическая неоднородность 
610 1 |a скоростная изменчивость 
610 1 |a формальное описание 
610 1 |a акустические методы 
610 1 |a волновые поля 
610 1 |a обработка 
610 1 |a скважинная сейсмолокация 
610 1 |a сейсмоакустика 
610 1 |a прогнозирование 
610 1 |a сейсмоакустические данные 
610 1 |a геологическая интерпретация 
675 |a 553.98:550.832  |z rus  |v 3 
700 1 |a Петкевич  |b Г. И.  |g Георгий Иванович  |4 070 
701 1 |a Морошан  |b Р. П.  |g Роман Петрович 
701 1 |a Филатов  |b Ю. В.  |g Юрий Вячеславович 
712 0 2 |a Академия наук Украинской ССР (АН УССР)  |b Институт геологии и геохимии горючих ископаемых  |2 stltpush  |3 (RuTPU)RU\TPU\col\11474 
801 0 |a RU  |b RuMRKP  |c 19950704  |g psbo 
801 1 |a RU  |b 63413507  |c 20141106 
801 2 |a RU  |b 63413507  |c 20170120  |g RCR 
942 |c BK